Libertad y propiedad: contribución al debate sobre el libro "La vida es algo más que capital" /
Furkejuvvon:
| Váldodahkki: | |
|---|---|
| Materiálatiipa: | Texto |
| Fáttát: | |
| Fáddágilkorat: |
Lasit fáddágilkoriid
Eai fáddágilkorat, Lasit vuosttaš fáddágilkora!
|
MARC
| LEADER | 00000 a a2200000 04500 | ||
|---|---|---|---|
| 001 | 11811 | ||
| 003 | |||
| 040 | |||
| 100 | |a Brie, Michael | ||
| 245 | |a Libertad y propiedad: |b contribución al debate sobre el libro "La vida es algo más que capital" / |c Michael Brie | ||
| 650 | |a REFORMA ECONOMICA | ||
| 650 | |a SISTEMAS ECONOMICOS | ||
| 650 | |a PROPIEDAD | ||
| 650 | |a VIDA | ||
| 773 | |g número 115; páginas 8-13 | ||
| 999 | |c 39994 |d 39994 | ||
| 773 | 0 | |0 41641 |9 2425 |a Departamento Ecuménico de Investigaciones (DEI) |d San José, Costa Rica Departamento Ecuménico de Investigaciones (DEI) |o 20208 |t Pasos / | |
